It looks like you're offline.
Open Library logo
additional options menu

MARC record from Internet Archive

LEADER: 01598cam a2200325 a 4500
001 2007042746
003 DLC
005 20090828065434.0
008 071017s2008 nyu 000 0 eng
010 $a 2007042746
020 $a9781594201752
020 $a1594201757
035 $a(OCoLC)ocn175218162
035 $a(OCoLC)175218162
040 $aDLC$cDLC$dBTCTA$dBAKER$dYDXCP$dC#P$dBWX$dDLC
043 $an-us-ma
050 00 $aHF1134.H4$bB76 2008
082 00 $a650.071/17444$222
100 1 $aBroughton, Philip Delves.
245 10 $aAhead of the curve :$btwo years at Harvard Business School /$cPhilip Delves Broughton.
260 $aNew York :$bPenguin Press,$c2008.
300 $a283 p. ;$c24 cm.
505 0 $aLet's get retarded -- Starting over -- A place apart -- Riding the booze luge -- Who am I? -- Formin', stormin', normin', performin' -- To beta and beyond -- The risk master -- Insecure overachievers -- Ethical Jihadists -- Extreme leverage -- Chasing the curve -- Big hairy goals -- "Watching my children grow longer" -- Graduation -- A factory for unhappy people.
610 20 $aHarvard Business School.
650 0 $aBusiness education$zMassachusetts.
650 0 $aBusiness students$zMassachusetts.
650 0 $aManagement$xStudy and teaching (Higher)$zMassachusetts.
856 41 $3Table of contents only$uhttp://www.loc.gov/catdir/toc/ecip082/2007042746.html
856 42 $3Contributor biographical information$uhttp://www.loc.gov/catdir/enhancements/fy0838/2007042746-b.html
856 42 $3Publisher description$uhttp://www.loc.gov/catdir/enhancements/fy0838/2007042746-d.html